02205cam a22003854i 4500003000900000005001700009008004100026035002000067040003300087100003200120245025500152264001000407300004000417336002100457337002500478338002300503502005800526504004100584520099600625526001001621526001001631526000901641526000901650526000901659526000901668526000901677526000901686526000901695526000801704526000801712526000801720526000801728526000801736650007501744PE-LiUPU20250731165408.0151016s2014 pe a grm 000 0 spa d a(Sirsi) a154895 aPE-LiUPUbspacPE-LiUPUerda1 aLuna Atuesta, Manueleautor1 aClima social familiar y su relación con el rendimiento académico en estudiantes de sexto grado de padres separados y/o divorciados en la Institución Educativa INEM Custodio García Rovira de Bucaramanga, Colombia, 2013 /cManuel Luna Atuesta. 0c2014. a148 hojas : bilustraciones;c30 cm atext2rdacontent aunmediated2rdamedia avolume2rdacarrier aTesisb(Mg.) -- cUniversidad Peruana Unión,d2014. aIncluye referencias bibliográficas3 aLa presente investigación abordó el problema general: la relación que existe entre clima social familiar y el rendimiento académico en estudiantes de sexto grado de padres separados o divorciados de la Institución Educativa Inem Custodio García Rovira de Bucaramanga, Colombia, 2013; y el objetivo general: determinar la relación de asociación existente entre clima social familiar y el rendimiento académico en estudiantes de sexto grado de padres separados o divorciados de la Institución Educativa Inem Custodio García Rovira de Bucaramanga Colombia, 2013. La investigación es de tipo descriptivo -correlacional, el diseño es no experimental y de corte transversal. La muestra es probabilística, de tipo estratificada; estuvo formado por una muestra de 136 estudiantes encuestados. Para la recolección de datos, se utilizó el instrumento de la escala de clima social en la familia (Family Environment Scale Fes de Moos, 1984) que consta de noventa ítems. aSEG44 aSEG26 aP151 aP150 aP149 aP146 aP145 aP126 aP125 aP92 aP75 aP74 aP27 aP1504aEducación primariaxFamilias monoparentalesxRendimiento académico